Nel regno della mafia (dai Borboni ai Sabaudi) / (Record no. 45856)

MARC details
000 -LEADER
campo de control de longitud fija 00661nam a2200193 i 4500
001 - NÚMERO DE CONTROL
campo de control 45856
003 - IDENTIFICADOR DE NÚMERO DE CONTROL
campo de control ES-MaACL
005 - FECHA Y HORA DE LA ÚLTIMA TRANSACCIÓN
campo de control 20251011063103.0
007 - CAMPO FIJO DE DESCRIPCIÓN FÍSICA--INFORMACIÓN GENERAL
campo de control de longitud fija t|
008 - DATOS DE LONGITUD FIJA--INFORMACIÓN GENERAL
campo de control de longitud fija 030327s1900 it ||||1| ita d
100 1# - ENTRADA PRINCIPAL--NOMBRE DE PERSONA
Nombre de persona Colajanni, Napoleone,
Fechas asociadas al nombre 1847-1921
9 (RLIN) 39543
245 10 - MENCIÓN DEL TÍTULO
Título Nel regno della mafia (dai Borboni ai Sabaudi) /
Mención de responsabilidad, etc. Napoleone Colajanni.
260 ## - PUBLICACIÓN, DISTRIBUCIÓN, ETC.
Lugar de publicación, distribución, etc. Roma :
Nombre del editor, distribuidor, etc. Revista Popolar,
Fecha de publicación, distribución, etc. 1900.
300 ## - DESCRIPCIÓN FÍSICA
Extensión 105 p. ;
Dimensiones 19 cm.
490 1# - MENCIÓN DE SERIE
Mención de serie Biblioteca della Rivista Popolare ;
Designación de volumen o secuencia 7
830 0# - PUNTO DE ACCESO ADICIONAL DE SERIE-TÍTULO UNIFORME
Título uniforme Biblioteca della Rivista Popolare ;
Designación de volumen o secuencia 7
9 (RLIN) 229958
852 ## - LOCALIZACIÓN
Ubicación ES-MaACL
Número de control de estantería T-989-F-7
Nota libre Anot. ms: "donativo del .. sr. Lucchexi"
Holdings
Estatus retirado Estado de pérdida Estado de daño No para préstamo Colección Biblioteca de origen Biblioteca actual Ubicación en estantería Fecha de adquisición Fuente de adquisición Total de préstamos Signatura topográfica completa Código de barras Visto por última vez Precio de reemplazo Tipo de ítem Koha
        Colección de folletos Biblioteca del Ateneo de Madrid Biblioteca del Ateneo de Madrid Depósito folletos 17/01/2008     T-989-F-7 1048242 23/02/2023 23/02/2023 Folleto